01552nam a2200265 a 4500001001000000005001700010008004100027041000800068044000700076084002000083100004500103245011100148260004100259300002200300500033600322500014700658500017800805500000900983650005200992650005601044650003401100650004501134700005701179740005001236BRCA_241920190320203811.0131108s1764----sp-a---###---#000-0dspa-u aspa asp a060b.A46c17641 aCervantes Saavedra, Miguel ded1547-161610aVida y Hechos del Ingenioso Caballero D. Quixote de la Manchaccompuesto por Miguel de Cervantes Saavedra. aMadridbPedro Alonso y Padillac1764 a2 v.bil.c21 cm. aContenido : v 1. Primera parte. Versos preliminares. Dedicatoria a D. Quijote por Cide Hamete Benengeli. Licencia. Prólogo del autor. Vida de Cervantes por Mayáns. Texto. -- v 2. Segunda parte. Versos preliminares. Algunas poesías de los académicos de Argamacilla. Aprobación de Márquez Torres. Prologo del autor. Texto aEdición : Nueva edición, corregida e ilustrada con 44 láminas muy apropiadas a la materia. Dedicada al mismo D. Quixote por su Chronista aCopia de la edición del mismo editor de 1751, pero en papel mejor. Ejemplar bastante bien conservado; piel, lomos adornados con filetes y florones dorados Lúdovik Osterc aQM4714aNovela españolayÉpoca clásica, 1500-170014aLiteratura españolayÉpoca clásica, 1500-170014aNovela españolaySiglo XVII14aDon Quijote (Personaje ficticio)eNovela1 aMayáns I Síscar, Gregoriod1699-1781eBiógrafo0 aEl Ingenioso Hidalgo Don Quijote de la Mancha